000 00606nam a2200121Ia 4500
008 220620s9999||||xx |||||||||||||| ||und||
100 _aKilleen, Timothy J.
245 2 _aA Perfect Storm in the Amazon Wilderness
_bThe Conventional Economy and the Drivers of Change : Success and Failure in the Fight to Save an Ecosystem of Critical Importance to the Planet
546 _aEnglish[eng]
650 _aNature||Environmental Conservation & Protection||Nature||Natural Resources||Social Science||Sociology
856 _uhttps://library.oapen.org/bitstream/20.500.12657/54507/1/external_content.pdf
942 _cEB
999 _c32850
_d32850